Online
Catalog

Anacaona : (Record no. 49813)

MARC details
000 -CABECERA
campo de control de longitud fija 01714nam a22003137a 4500
003 - IDENTIFICADOR DEL NÚMERO DE CONTROL
campo de control DO-SdBNP
005 - FECHA Y HORA DE LA ÚLTIMA TRANSACCIÓN
campo de control 20240412074308.0
007 - CAMPO FIJO DE DESCRIPCIÓN FÍSICA--INFORMACIÓN GENERAL
campo de control de longitud fija ta
008 - DATOS DE LONGITUD FIJA--INFORMACIÓN GENERAL
campo de control de longitud fija 210514b 2019 dr ap 00| 0 eng d
020 ## - NÚMERO INTERNACIONAL ESTÁNDAR DEL LIBRO
Número Internacional Estándar del Libro 9789945169751
040 ## - FUENTE DE LA CATALOGACIÓN
Centro catalogador/agencia de origen DO-SdBNP
Lengua de catalogación spa
Centro/agencia transcriptor BNPHU
082 #4 - NÚMERO DE LA CLASIFICACIÓN DECIMAL DEWEY
Número de clasificación RD861.5
Número de documento/Ítem B533a
Número de edición 22
100 1# - ENTRADA PRINCIPAL--NOMBRE DE PERSONA
Nombre de persona Berrido, Ofelia
9 (RLIN) 24626
245 10 - MENCIÓN DE TÍTULO
Título Anacaona :
Resto del título poesía /
Mención de responsabilidad, etc. Ofelia Berrido ; prólogo José Enrique Delmonte ; cuidado de la edición José Enrique García.
260 ## - PUBLICACIÓN, DISTRIBUCIÓN, ETC.
Lugar de publicación, distribución, etc. Santo Domingo :
Nombre del editor, distribuidor, etc. Ministerio de Medio Ambiente y Recursos Naturales,
Fecha de publicación, distribución, etc. 2019.
300 ## - DESCRIPCIÓN FÍSICA
Extensión 257 p. :
Otras características físicas il., retrs. ;
Dimensiones 24 cm.
490 1# - MENCIÓN DE SERIE
Mención de serie Interior bodega ;
Designación de volumen o secuencia 10
500 ## - NOTA GENERAL
Nota general Incluye datos biográficos de la autora en la página 257
505 0# - NOTA DE CONTENIDO CON FORMATO
Nota de contenido con formato Prefacio /
Mención de responsabilidad María Teresa Ruiz de Catrain --
Título Prólogo /
Mención de responsabilidad José Enrique Delmonte --
Título Sobre el relato visual /
Mención de responsabilidad Mayra Johnson --
Título Fragmentos /
Mención de responsabilidad Juan de los Santos --
Título Fragmentos /
Mención de responsabilidad Alejandra Olivier --
Título Fragmentos /
Mención de responsabilidad Jiny Elena Ramos --
Título Fragmentos /
Mención de responsabilidad Carmen Inés Bencosme --
Título Fragmentos /
Mención de responsabilidad Parmelia Matos --
Título Fragmentos /
Mención de responsabilidad Dennise Morales Pou --
Título Fragmentos /
Mención de responsabilidad Pedro Genaro Rodríguez --
Título Fragmentos /
Mención de responsabilidad Parmelia Matos --
Título Anacaona [poesía completa] --
-- Epílogo --
Mención de responsabilidad Pura Emeterio Rondón (EPD)
Título Biografías de los fotógrafos --
-- Sobre la autora.
590 ## - NOTA LOCAL (RLIN)
Nota local Inventariado, 2021 /LP<br/>
590 ## - NOTA LOCAL (RLIN)
Nota local La biblioteca posee 1 ejemplar autografiado por la autora.
650 #4 - PUNTO DE ACCESO ADICIONAL DE MATERIA--TÉRMINO DE MATERIA
9 (RLIN) 66
Término de materia o nombre geográfico como elemento de entrada Poesía dominicana
650 #0 - PUNTO DE ACCESO ADICIONAL DE MATERIA--TÉRMINO DE MATERIA
Término de materia o nombre geográfico como elemento de entrada Literatura dominicana.
9 (RLIN) 67
700 1# - PUNTO DE ACCESO ADICIONAL--NOMBRE DE PERSONA
Nombre de persona Delmonte, José Enrique,
Término indicativo de función/relación pról.
9 (RLIN) 78588
700 1# - PUNTO DE ACCESO ADICIONAL--NOMBRE DE PERSONA
Nombre de persona García, José Enrique,
Fechas asociadas al nombre 1948-
Término indicativo de función/relación ed.
9 (RLIN) 22487
830 #0 - PUNTO DE ACCESO ADICIONAL DE SERIE-TÍTULO UNIFORME
Título uniforme Interior bodega
Número de parte o sección de la obra 10
9 (RLIN) 78589
910 ## - DATOS DE OPCIÓN DEL USUARIO (OCLC)
Datos de opción del usuario LoPérez.Validado. Control de calidad. MAA
942 ## - ELEMENTOS DE PUNTO DE ACCESO ADICIONAL (KOHA)
Fuente del sistema de clasificación o colocación Dewey Decimal Classification
Tipo de ítem Koha Libro
Holdings
Estado de retiro Estado de pérdida Fuente del sistema de clasificación o colocación Restricciones de uso No para préstamo Código de colección Localización permanente Ubicación/localización actual Ubicación en estantería Fecha de adquisición Fuente de adquisición Signatura topográfica completa Código de barras Fecha visto por última vez Precio válido a partir de Tipo de ítem Koha Número de copia
    Dewey Decimal Classification Préstamo restringido   Patrimonio Dominicano Biblioteca Nacional Pedro Henríquez Ureña Biblioteca Nacional Pedro Henríquez Ureña Depósito 14.05.2021 Depósito Legal BNPHU PD RD861.44 B533a 2021-1717 14.05.2021 14.05.2021 Libro  
    Dewey Decimal Classification Préstamo restringido   Patrimonio Dominicano Biblioteca Nacional Pedro Henríquez Ureña Biblioteca Nacional Pedro Henríquez Ureña Depósito 14.05.2021 Depósito Legal BNPHU PD RD861.44 B533a 2021-1718 14.05.2021 14.05.2021 Libro e. 2
    Dewey Decimal Classification Préstamo en sala   Dominicana de Servicio Biblioteca Nacional Pedro Henríquez Ureña Biblioteca Nacional Pedro Henríquez Ureña Depósito 14.05.2021 Depósito Legal BNPHU DS RD861.44 B533a 2021-1719 14.05.2021 14.05.2021 Libro e. 3

Powered by Koha